[Event "EU-ch Seniors 50 18th"]
[Site "Drammen"]
[Date "2018.08.12"]
[Round "9"]
[White "Kirppo, Ronny"]
[Black "Lystad, Frank"]
[Result "1-0"]
[WhiteElo "1885"]
[BlackElo "1733"]
[PlyCount "57"]
[EventDate "2018.08.04"]
[EventType "swiss"]
[EventRounds "9"]
[EventCountry "NOR"]
[SourceTitle "CBM 185 Extra"]
[Source "ChessBase"]
[SourceDate "2018.07.29"]
[SourceVersion "1"]
[SourceVersionDate "2018.07.29"]
[SourceQuality "1"]

1. d4 f5 2. Nf3 Nf6 3. g3 e6 4. Bg2 Be7 5. 0-0 0-0 6. c4 d6 7. Nc3 Ne4 8. Qc2 Nxc3 9. bxc3 Nc6 10. d5 Na5 11. dxe6 Bxe6 12. Nd4 Bxc4 13. Nxf5 Bf6 14. Ne3 Ba6 15. Nd5 Rb8 16. Rb1 b6 17. Rb4 Bb7 18. Rd1 c6 19. Nxf6+ Qxf6 20. Rf4 Qe7 21. Be4 g6 22. Bxg6 Rxf4 23. Bxf4 Ra8 24. Rxd6 Rf8 25. Bf5 Bc8 26. Bxc8 Rxc8 27. Qf5 Re8 28. Rd7 Qf8 29. Qxh7# 1-0

[Event "EU-ch Seniors 50 18th"]
[Site "Drammen"]
[Date "2018.08.10"]
[Round "7"]
[White "Lystad, Frank"]
[Black "Gonzalez Pabollet, Jesus Maria"]
[Result "1/2-1/2"]
[WhiteElo "1733"]
[BlackElo "1818"]
[PlyCount "46"]
[EventDate "2018.08.04"]
[EventType "swiss"]
[EventRounds "9"]
[EventCountry "NOR"]
[SourceTitle "CBM 185 Extra"]
[Source "ChessBase"]
[SourceDate "2018.07.29"]
[SourceVersion "1"]
[SourceVersionDate "2018.07.29"]
[SourceQuality "1"]

1. d4 Nf6 2. Bf4 e6 3. e3 b6 4. Nf3 Bb7 5. Nbd2 Be7 6. Bd3 d5 7. c3 Nbd7 8. h3 a6 9. Bh2 c5 10. Qe2 b5 11. e4 cxd4 12. Nxd4 Nc5 13. e5 Nxd3+ 14. Qxd3 Ne4 15. N2f3 0-0 16. 0-0 Qc8 17. a3 Qd7 18. Rfe1 Bc5 19. Bf4 Bb6 20. Be3 Nc5 21. Qe2 Qc7 22. Rab1 Ne4 23. Qd3 Nc5 1/2-1/2